000 00927nam a22003017a 4500
003 CHAP
005 20220329135036.0
008 971013s1979 r 00010 d
010 _a30017
011 _a30989
035 _a35101
040 _cCHAP
082 _a631.41
_bL5
100 0 0 _aLindsay, Willard Lyman.
_966960
245 _aChemical equilibrium in soils
260 _aNew York :
_bWiley,
_c1979
300 _a449 p.
590 _aBATCH-UPD
_b10
_c20130110
_lUCH01
_h1543
590 _aBATCH-UPD
_b10
_c20130410
_lUCH01
_h0944
590 _aBATCH-UPD
_b10
_c20130914
_lUCH01
_h1314
590 _aCONVERSION
_b10
_c20130109
_lUCH01
_h1317
650 1 4 _aEquilibrio químico.
_937258
650 1 4 _aSuelos
_xQuímica de.
_9110470
901 _aBK
942 _cLIBRO
949 _a631.41 L5
_bBC
_cLIBRO
_d33724000561106
_eLIBRO
_h57051
_i35101
_si
949 _a631.41 L5
_bBC
_cLIBRO
_d33724000561114
_eLIBRO
_fc.2
_h57052
_i35101
_si
999 _c30017
_d30017